| 000 | 00913nam a2200313 a 4500 | ||
|---|---|---|---|
| 001 | 000045315 | ||
| 003 | DO-SdBNP | ||
| 005 | 20171107092404.0 | ||
| 007 | 000045315 | ||
| 008 | 150302s1998 dr a 000 0 spa d | ||
| 040 |
_aBPMSU _bspa _cBPMSU |
||
| 092 |
_aRD863.44 _bC319j |
||
| 100 | 1 | _aCarrón, Lorelay | |
| 245 | 1 | 0 |
_aJinete de nubes / _cLorelay Carrón ; ilustraciones Henry Cid. |
| 260 |
_aSanto Domngo : _bTaller, _c1998. |
||
| 300 |
_a16 p. : _bil. ; _c22 cm. |
||
| 490 | 1 | _aPara vivir mejor | |
| 650 | _2CUENTOS INFANTILES DOMINICANOS | ||
| 650 | _2LITERATURA INFANTIL DOMINICANA | ||
| 700 | 1 | 2 |
_aCid, Henry, _eil. |
| 830 | 0 | _aPara vivir mejor | |
| 930 | 1 |
_l _m _8 _f _p _g |
|
| 930 | 1 |
_l _m _8 _f _p _g _h |
|
| 942 |
_2ddc _cBK |
||
| 945 | _aInventariado infantil dom / 2017 VM | ||
| 956 |
_a _b _c _l _h |
||
| 956 |
_a _b _c _l _h |
||
| 956 |
_aVMATEO _b10 _c20150420 _lBPMUSU _h00151 |
||
| 999 |
_c7665 _d7665 |
||